<The> world economy volume 1: a millennial perspective
Gespeichert in:
| 1. Verfasser: | |
|---|---|
| Körperschaft: | |
| Format: | Buch |
| Sprache: | Englisch |
| Veröffentlicht: |
Paris
OECD
2006
|
| Schriftenreihe: | Development Centre studies
|
| Schlagworte: | |
| Tags: |
Keine Tags, Fügen Sie das erste Tag hinzu!
|
MARC
| LEADER | 00000nam$a2200000$$$4500 | ||
|---|---|---|---|
| 001 | 0051926 | ||
| 005 | 20240314085955.9 | ||
| 020 | |a 92-64-02261-9 | ||
| 041 | 0 | |a eng | |
| 044 | |a FR | ||
| 245 | 1 | 0 | |a <The> world economy |b volume 1: a millennial perspective |c Angus Maddison |
| 264 | 1 | |a Paris |b OECD |c 2006 | |
| 300 | |a 653 s. | ||
| 490 | 1 | |a Development Centre studies | |
| 830 | 0 | |a Development Centre studies | |
| 610 | 2 | 0 | |a hospodárstvo svetové |
| 610 | 2 | 0 | |a vývoj hospodársky |
| 610 | 2 | 0 | |a vývoj politický |
| 610 | 2 | 0 | |a situácia hospodárska |
| 610 | 2 | 0 | |a ukazovatele ekonomické |
| 610 | 2 | 0 | |a údaje štatistické |
| 100 | 1 | |a Maddison, Angus | |
| 710 | 2 | |a OECD. Development Centre | |